000 00620nam a2200241Ia 4500
003 OSt
005 20220928112800.0
006 a|||||r|||| 00| 0
007 ta
008 220927b |||||||| |||| 00| 0 eng d
024 _a124265
037 _bGift, 04/09/2014,
_cTextual
040 _aSDCL
_cSDCL
_beng
041 _2eng
_aeng
082 _aI:6, Q0
100 _aXu Ying
_9429861
245 0 _aMolecular plant breeding
260 _aUK
_bCabi
_c2010
300 _av;734p
_ccm.
650 _aGift
_9391569
942 _hI:6, Q0
_cTEXL
_2CC
999 _c746316
_d746316